000
00260nam a22001097a 4500
082
_a
669 STR'M
100
_a
SHEET, ARTHUR,ALEXANDER, WILLIAM
_9
79472
245
_a
METALS IN THE SERVICE OF MAN
260
_a
LONDON
_b
ELBS
_c
1964
300
_a
320P
942
_c
BK
999
_c
584515
_d
584515